| 000 | 00944nam a2200301 i 4500 | ||
|---|---|---|---|
| 001 | 92619 | ||
| 003 | ES-MaACL | ||
| 005 | 20250728111658.0 | ||
| 007 | t| | ||
| 008 | 050407s2004 sp ||||1| spa d | ||
| 020 | _a84-493-1584-0 | ||
| 080 | _a001:1 | ||
| 080 | _a130.2"17/19" | ||
| 080 | _a2:32 | ||
| 100 | 1 |
_aDebray, Régis. _943131 |
|
| 245 | 1 | 0 |
_aA la sombra de la Ilustración : _bdebate entre un filósofo y un científico / _cRégis Debray, Jean Bricmont. |
| 260 |
_aBarcelona : _bPaidós Ibérica, _c[2004] |
||
| 300 |
_a168 p. ; _c24 cm. |
||
| 490 | 1 |
_aPaidós transiciones ; _v53 |
|
| 504 | _aBibliografía: p. [151]-168. | ||
| 650 | 4 |
_aCiencia- _xFilosofía. _910950 |
|
| 650 | 4 |
_aCivilización- _xFilosofía. _911081 |
|
| 650 | 7 |
_aReligión y política _2embne _916813 |
|
| 700 | 1 |
_aBricmont, Jean. _931694 |
|
| 830 | 1 |
_aPaidós transiciones ; _v53 _9180263 |
|
| 852 | 4 |
_aES-MaACL _jL-29048 |
|
| 999 |
_c92619 _d92619 |
||